Cityscapes : cultural readings in the material and symbolic city (Record no. 129900)

MARC details
000 -LEADER
fixed length control field 00684nam a2200217Ia 4500
008 - FIXED-LENGTH DATA ELEMENTS--GENERAL INFORMATION
fixed length control field 191130s2005##################000#0#eng##
020 ## - INTERNATIONAL STANDARD BOOK NUMBER
ISBN 9780333929346
082 ## - DEWEY DECIMAL CLASSIFICATION NUMBER
Classification number 307.76 HIG
100 ## - MAIN ENTRY--AUTHOR NAME
Personal name Highmore, Ben
245 ## - TITLE STATEMENT
Title Cityscapes : cultural readings in the material and symbolic city
Statement of responsibility, etc Ben Highmore
260 ## - PUBLICATION, DISTRIBUTION, ETC. (IMPRINT)
Place of publication Basingstoke, Hampshire ; New York
Name of publisher Palgrave Macmillan
Year of publication 2005
300 ## - PHYSICAL DESCRIPTION
Number of Pages xiv, 178 p. : ill. ; 24 cm
500 ## - GENERAL NOTE
General note Includes index
650 ## - SUBJECT ADDED ENTRY--TOPICAL TERM
Topical Term Cities and towns
Topical Term City and town life
Topical Term City and town life in motion pictures
991 ## -
-- 199191
Holdings
Withdrawn status Lost status Damaged status Not for loan Home library Current library Shelving location Date acquired Full call number Accession Number Price effective from Koha item type
        Anna Centenary Library Anna Centenary Library 3RD FLOOR, B WING 12.10.2020 307.76 HIG 307833 12.10.2020 English Books

Find us on the map